Computer simulation and modelling /

Bibliographic Details
Main Author: Neelamkavil, Francis
Format: Book
Language:English
Published: Chichester [Sussex, England] ; New York : Wiley, [1987]
Subjects:

MARC

Tag First Indicator Second Indicator Subfields
LEADER 00000pam a2200000 a 4500
001 in00000596458
005 20151014091142.0
008 860416s1987 enka b 00110 eng
010 |a  86009263  
020 |a 0471911291 :  |c $23.00 (U.S.) 
020 |a 0471911305 (pbk.) :  |c $15.00 (U.S.) 
035 |a (OCoLC)13580552 
035 |9 ACQ7708AM 
040 |a DLC  |c DLC  |d m/c  |d TXA  |d UtOrBLW 
049 |a TXAM  |c [A10751820] 
050 0 0 |a QA76.9.C65  |b N44 1987 
082 0 |a 001.4/34  |2 19 
100 1 |a Neelamkavil, Francis. 
245 1 0 |a Computer simulation and modelling /  |c Francis Neelamkavil. 
264 1 |a Chichester [Sussex, England] ;  |a New York :  |b Wiley,  |c [1987] 
264 4 |c ©1987 
300 |a xvi, 307 pages :  |b illustrations ;  |c 24 cm. 
336 |a text  |b txt  |2 rdacontent 
337 |a unmediated  |b n  |2 rdamedia 
338 |a volume  |b nc  |2 rdacarrier 
504 |a Includes bibliographies and index. 
650 0 |a Computer simulation. 
999 |a MARS 
999 f f |s 7fba22b1-31e8-3c65-8ece-cc8104ba7f1e  |i 0f2e66c3-0581-3405-92ad-94ae0a7138fd  |t 0 
952 f f |p ric  |a Texas A&M University  |b Rellis Campus  |c Joint Library Facility  |d Remote Storage  |t 0  |e QA76.9.C65 N44 1987  |h Library of Congress classification  |i unmediated -- volume  |m A14810751820 
998 f f |a QA76.9.C65 N44 1987  |t 0  |l Remote Storage